Serien Quiz - Statistiken

Allgemein
  • Dieses Quiz wurde 280 mal gespielt
  • Das Durchschnittsergebnis liegt bei 15 aus 30
Antwortstatistiken
Bildquiz Antwort % Korrekt
Squid Game
92%
Friends
87%
Young Sheldon
84%
The Big Bang Theory
83%
Türkisch für Anfänger
78%
Last One Laughing
75%
7 vs. wild
72%
Two and a Half Man
72%
Grey’s Anatomy
71%
Gilmore Girls
69%
The Good Doctor
67%
Riverdale
64%
Pretty Little Liars
59%
Ginny & Georgia
58%
Die Discounter
55%
Gossip Girl
54%
Sex and the City
54%
Outer Banks
53%
Der Sommer, als ich schön wurde
48%
Das Damengambit
44%
Club der roten Bänder
40%
Jerks.
25%
Keeping up with the Kardashians
21%
Frühling
17%
Killing Eve
15%
Gestern waren wir noch Kinder
14%
Revenge
12%
Check Check
8%
Heartland
4%
The Madness
1%
Keine übereinstimmenden Quizze gefunden
Verteilung der Resultate
Anzahl Personen mit jedem Resultat
Perzentil nach korrekt beantworteten Fragen
Ihre Resultats-Entwicklung
Sie haben dieses Quiz noch nicht gespielt